[Event "Tourn. n9037"]
[Site "www.chess-mail.com"]
[Date "2016.11.24"]
[Round "1"]
[White "Osopanda"]
[Black "Julian"]
[WhiteElo "2050"]
[BlackElo "1990"]
[Result "0-1"]
[Round "1"]
1.e4 c5
2.Ng1f3 d6
3.d4 cxd4
4.Nf3xd4 Ng8f6
5.Nb1c3 a6
6.f3 e5
7.Nd4e2 Bc8e6
8.Bc1e3 Nb8d7
9.g4 h6
10.h4 Bf8e7
11.Bf1h3 O-O
12.Rh1g1 b5
13.a3 Ra8c8
14.Nc3d5 Be6xd5
15.exd5 Nf6e8
16.g5 hxg5
17.hxg5 Rc8c4
18.g6 Ne8f6
19.gxf7 Kxf7
20.Bh3e6 Ke8
21.Rg1xg7 Nd7c5
22.b3 Rc4h4
23.Kf2 Nf6e4
24.Kg2 Nc5xe6
25.dxe6 d5
26.fxe4 d4
27.Be3f2 Rh4xe4
28.Qd1d3 Qd8d5
29.c4 Re4g4
30.Kh3 Qd5g2
{ resign }
0-1

[Event "Tourn. n9050"]
[Site "www.chess-mail.com"]
[Date "2016.11.24"]
[Round "1"]
[White "Mao"]
[Black "Cal"]
[WhiteElo "1860"]
[BlackElo "1700"]
[Result "1-0"]
[Round "1"]
1.e4 e5
2.Ng1f3 d6
3.d4 exd4
4.Nf3xd4 h6
5.Nb1c3 c5
6.Nd4f3 Bc8g4
7.Bf1e2 Bg4xf3
8.Be2xf3 Ng8f6
9.O-O a6
10.e5 Nf6h7
11.exd6 Bf8xd6
12.Rf1e1 Bd6e7
13.Bf3xb7 Ra8a7
14.Bb7f3 Nh7f6
15.Qd1e2 Nb8c6
16.Bf3xc6 Kf8
17.Bc1f4 Qd8b6
18.Bc6f3 Qb6xb2
19.Nc3d5 Nf6xd5
20.Bf3xd5 Qb2f6
21.Bf4b8 Ra7d7
22.c4 g5
23.Bb8e5 Qf6f5
24.Be5xh8 Kg8
25.Qe2e5 Qf5xe5
26.Bh8xe5 Kf8
27.Ra1b1 f6
28.Rb1b8 Rd7d8
29.Rb8xd8 Be7xd8
30.Be5d6 Kg7
31.Bd6xc5 Bd8b6
32.Bc5xb6 { resign }
1-0

[Event "Tourn. n9047"]
[Site "www.chess-mail.com"]
[Date "2016.11.24"]
[Round "1"]
[White "Osopanda"]
[Black "Norlavuaram"]
[WhiteElo "2060"]
[BlackElo "2210"]
[Result "0-1"]
[Round "1"]
1.d4 Ng8f6
2.c4 e6
3.Nb1c3 c5
4.d5 exd5
5.cxd5 d6
6.e4 g6
7.Ng1e2 Bf8g7
8.g3 O-O
9.Bf1g2 a6
10.O-O b5
11.a3 Rf8e8
12.h3 Bc8b7
13.Bc1e3 b4
14.axb4 cxb4
15.Nc3a4 Nb8d7
16.Kh2 Nf6xe4
17.Qd1b3 a5
18.Ra1c1 Ne4f6
19.Be3f4 Re8xe2
20.Bf4xd6 Ra8c8
21.Rc1xc8 Qd8xc8
22.Bg2f3 Qc8c2
23.Qb3xc2 Re2xc2
24.Kg1 Bb7xd5
25.Bf3xd5 Nf6xd5
26.Rf1d1 Nd7b6
27.Na4xb6 Nd5xb6
28.Bd6e7 Rc2c8
29.Be7d8 Rc8c6
30.Bd8e7 Bg7xb2
31.Be7g5 Kg7
32.Bg5e3 a4
33.Kg2 a3
34.Rd1b1 Nb6c4
35.Kf3 a2
{ resign }
0-1

[Event "Tourn. n9057"]
[Site "www.chess-mail.com"]
[Date "2016.11.24"]
[Round "1"]
[White "Aperturaf"]
[Black "Foxy100"]
[WhiteElo "2300"]
[BlackElo "2340"]
[Result "1-0"]
[Round "1"]
1.e4 e5
2.Ng1f3 Nb8c6
3.d4 exd4
4.Nf3xd4 Bf8b4
5.c3 Bb4c5
6.Bc1e3 Bc5b6
7.Nd4f5 g6
8.Nf5d4 Ng8f6
9.Qd1f3 Nc6e5
10.Qf3g3 d6
11.Qg3h4 Nf6d7
12.Qh4xd8 Kxd8
13.Nb1d2 Nd7c5
14.O-O-O Ne5g4
15.Be3g5 f6
16.Bg5h4 Ke7
17.Nd2c4 Nc5e6
18.b3 h5
19.f3 Ng4e5
20.Kb2 Kf7
21.a4 Bc8d7
22.a5 Bb6c5
23.b4 Ne5xc4
24.Bf1xc4 Bc5xd4
25.cxd4 a6
26.f4 Bd7b5
27.Bc4b3 g5
28.fxg5 { resign }
1-0

[Event "Tourn. n9034"]
[Site "www.chess-mail.com"]
[Date "2016.11.24"]
[Round "1"]
[White "Osopanda"]
[Black "Tonino1"]
[WhiteElo "2050"]
[BlackElo "2030"]
[Result "0-1"]
[Round "1"]
1.d4 Ng8f6
2.c4 g6
3.Nb1c3 Bf8g7
4.e4 d6
5.f4 c5
6.d5 a5
7.Ng1f3 O-O
8.Bf1d3 Bc8d7
9.O-O Nb8a6
10.a3 Na6c7
11.Bc1d2 Nf6e8
12.e5 e6
13.dxe6 fxe6
14.Nc3e4 Qd8e7
15.exd6 Ne8xd6
16.Ne4xc5 b6
17.Nc5xd7 Qe7xd7
18.Nf3e5 Bg7xe5
19.fxe5 Nd6f5
20.Bd3e4 Ra8d8
21.Bd2h6 Rf8f7
22.Qd1g4 Qd7d4
23.Kh1 Nf5e3
24.Rf1xf7 Ne3xg4
25.Rf7g7 Kh8
26.Rg7xc7 Ng4f2
{ resign }
0-1

[Event "Tourn. n9081"]
[Site "www.chess-mail.com"]
[Date "2016.11.24"]
[Round "1"]
[White "Al3x"]
[Black "Bojan"]
[WhiteElo "2100"]
[BlackElo "2040"]
[Result "1/2-1/2"]
[Round "1"]
1.c4 g6
2.d4 Bf8g7
3.Nb1c3 c6
4.e4 e5
5.Ng1f3 exd4
6.Nf3xd4 Qd8b6
7.Nc3e2 d6
8.Nd4b3 Qb6b4
9.Qd1d2 Qb4xc4
10.Ne2d4 Qc4a4
11.Bf1e2 Ng8e7
12.O-O Nb8a6
13.Rf1d1 d5
14.exd5 Ne7xd5
15.Be2xa6 Qa4xa6
16.Nb3c5 Qa6b6
17.Qd2e2 Kf8
18.Rd1e1 Qb6d8
19.Bc1g5 Bg7f6
20.Bg5h6 Bf6g7
21.Bh6g5 Bg7f6
22.Bg5h6 { draw }
1/2-1/2

[Event "Tourn. n9056"]
[Site "www.chess-mail.com"]
[Date "2016.11.24"]
[Round "1"]
[White "Norlavuaram"]
[Black "Roohbakhsh"]
[WhiteElo "2250"]
[BlackElo "2040"]
[Result "0-1"]
[Round "1"]
1.e4 e5
2.Ng1f3 Nb8c6
3.Bf1b5 a6
4.Bb5a4 Ng8f6
5.O-O Bf8e7
6.Rf1e1 b5
7.Ba4b3 d6
8.h3 Nc6a5
9.c3 Na5xb3
10.Qd1xb3 Bc8e6
11.Qb3d1 O-O
12.d4 h6
13.Nb1d2 c6
14.Nd2f1 Qd8c7
15.g4 c5
16.d5 Be6c8
17.Nf1g3 Nf6h7
18.Bc1e3 Nh7g5
19.Nf3xg5 Be7xg5
20.Qd1d2 Bg5xe3
21.Qd2xe3 Qc7e7
22.Kh2 Kh7
23.Re1g1 g6
24.Ra1f1 f5
25.exf5 gxf5
26.gxf5 Bc8xf5
27.Ng3h5 Rf8g8
28.Qe3f3 Qe7f7
29.Rg1xg8 Ra8xg8
30.Nh5g3 Bf5g6
31.Qf3xf7 Bg6xf7
32.Ng3f5 Bf7xd5
33.Nf5e3 Bd5e6
34.b3 d5
35.Ne3c2 d4
36.cxd4 exd4
37.Nc2e1 c4
38.bxc4 bxc4
39.Ne1c2 d3
40.Nc2e3 c3
41.Rf1c1 Rg8c8
{ resign }
0-1

[Event "Match"]
[Site "www.echecsemail.com"]
[Date "2016.11.24"]
[Round "1"]
[White "Azorau"]
[Black "Pellix84"]
[WhiteElo "1870"]
[BlackElo "1990"]
[Result "0-1"]
[Round "1"]
1.Ng1f3 d5
2.d4 Ng8f6
3.Bc1g5 h6
4.Bg5xf6 exf6
5.e3 Bf8d6
6.Nb1c3 Bc8e6
7.Bf1b5 c6
8.Qd1e2 Qd8b6
9.Bb5d3 Qb6xb2
10.O-O Qb2xc3
11.Nf3h4 Nb8d7
12.Bd3f5 O-O
13.Rf1b1 Ra8c8
14.Qe2g4 Rf8e8
15.Bf5xe6 Re8xe6
16.Nh4f5 g6
17.Nf5xh6 Kf8
18.Rb1c1 Bd6a3
19.Rc1f1 Qc3xc2
20.h4 Ba3b2
21.Ra1e1 Kg7
22.Re1e2 Qc2e4
23.Qg4xe4 Re6xe4
24.Nh6xf7 Kxf7
25.g3 Bb2xd4
26.Rf1b1 b5
27.Kf1 Bd4e5
28.f3 Re4c4
29.f4 Be5d6
30.Kf2 a5
31.Kf3 b4
32.g4 Nd7c5
33.h5 gxh5
34.gxh5 Bd6f8
35.Re2h2 Bf8h6
36.Rh2g2 Rc8h8
37.Rb1h1 a4
38.Rh1a1 b3
39.Rg2e2 Rh8b8
40.axb3 axb3
41.Ra1a7 Rb8b7
42.Ra7a8 Rc4c2
43.Re2e1 b2
44.Re1b1 Rc2c1
45.Rb1xb2 Rb7xb2
46.Ra8a7 Ke6
47.Ra7h7 Nc5e4
48.Rh7xh6 Rb2f2
49.Kg4 Rc1g1
{ resign }
0-1

[Event "Match"]
[Site "www.echecsemail.com"]
[Date "2016.11.24"]
[Round "1"]
[White "Sik"]
[Black "Coraza8091"]
[WhiteElo "1820"]
[BlackElo "1490"]
[Result "0-1"]
[Round "1"]
1.c4 e5
2.Nb1c3 Qd8f6
3.Nc3d5 Qf6d8
4.e4 c6
5.Nd5c3 Bf8b4
6.d3 Bb4xc3
7.bxc3 c5
8.Ng1f3 Qd8a5
9.Bc1b2 Nb8c6
10.Bf1e2 Ng8f6
11.O-O Qa5b6
12.Ra1b1 Qb6c7
13.Nf3d2 Qc7a5
14.Nd2b3 Qa5xa2
15.Nb3xc5 Qa2a5
16.Nc5b3 Qa5c7
17.f4 { time. }
0-1

[Event "Match"]
[Site "www.echecsemail.com"]
[Date "2016.11.24"]
[Round "1"]
[White "Oseanvega"]
[Black "Chapi"]
[WhiteElo "1749"]
[BlackElo "2120"]
[Result "0-1"]
[Round "1"]
1.d4 d5
2.c4 c6
3.Ng1f3 Ng8f6
4.e3 g6
5.Nb1c3 Bf8g7
6.Bf1e2 O-O
7.O-O c5
8.dxc5 Nf6e4
9.cxd5 Bg7xc3
10.Qd1c2 Bc8f5
11.bxc3 Qd8xd5
 { time }
0-1

[Event "Match"]
[Site "www.echecsemail.com"]
[Date "2016.11.24"]
[Round "1"]
[White "Oseanvega"]
[Black "Ditto"]
[WhiteElo "1749"]
[BlackElo "1780"]
[Result "0-1"]
[Round "1"]
1.d4 d5
2.c4 Ng8f6
3.cxd5 Nf6xd5
4.Ng1f3 Bc8g4
5.Nf3e5 Nd5f6
6.Ne5xg4 Nf6xg4
7.e4 Ng4f6
8.Nb1c3 e6
 { time }
0-1

[Event "Match"]
[Site "www.echecsemail.com"]
[Date "2016.11.24"]
[Round "1"]
[White "Fangshuo"]
[Black "Oseanvega"]
[WhiteElo "2130"]
[BlackElo "1749"]
[Result "1-0"]
[Round "1"]
1.e4 e6
2.Ng1f3 d5
3.exd5 exd5
4.c4 Ng8f6
5.d4 Bf8e7
6.Bf1d3 O-O
7.O-O dxc4
8.Bd3xc4 c6
9.a4 a5
10.Qd1b3 Nb8a6
11.Nb1c3  { time }
1-0

[Event "Match"]
[Site "www.echecsemail.com"]
[Date "2016.11.24"]
[Round "1"]
[White "Ditto"]
[Black "Calponas"]
[WhiteElo "1850"]
[BlackElo "1970"]
[Result "0-1"]
[Round "1"]
1.e4 c5
2.Bf1c4 Nb8c6
3.Nb1c3 e6
4.d3 d6
5.Ng1f3 Bf8e7
6.Bc1f4 Ng8f6
7.O-O O-O
8.Rf1e1 Nc6a5
9.Bc4b5 a6
10.Bb5a4 b5
11.Ba4b3 Na5xb3
12.axb3 Bc8b7
13.e5 Nf6h5
14.Bf4d2 dxe5
15.Nf3xe5 Nh5f6
16.Nc3b1 Qd8d5
17.Ne5f3 Ra8d8
18.Nb1c3 Qd5c6
19.Bd2g5 b4
20.Nc3b1 Rd8d5
21.Nb1d2 Rd5xg5
22.Nd2e4 Nf6xe4
23.Re1xe4 Rg5g6
24.Nf3e5 Qc6d5
25.Ne5xg6 hxg6
26.Qd1f3 Qd5g5
27.Re4g4 Bb7xf3
28.Rg4xg5 Be7xg5
29.gxf3 Rf8a8
30.Ra1e1 Bg5f6
31.Re1b1 a5
32.Kg2 a4
33.Rb1a1 a3
34.Ra1b1 axb2
35.Kf1 Ra8a1
{ resign }
0-1

[Event "1/128 Finale"]
[Site "www.chess-mail.com"]
[Date "2016.11.24"]
[Round "1"]
[White "Llord"]
[Black "Ozana"]
[WhiteElo "1870"]
[BlackElo "2010"]
[Result "0-1"]
[Round "1"]
1.e4 d6
2.d4 Ng8f6
3.Nb1c3 e5
4.dxe5 dxe5
5.Qd1xd8 Kxd8
6.Bc1g5 Bc8e6
7.O-O-O Kc8
8.Ng1f3 Nb8d7
9.g3 Nf6g4
10.Rd1d2 h6
11.Bg5e3 Ng4xe3
12.fxe3 Bf8b4
13.Bf1b5 c6
14.Bb5a4 Be6g4
15.Rh1f1 f6
16.h4 Nd7c5
17.Ba4b3 Bb4xc3
18.bxc3 Nc5xe4
19.Rd2d3 Ne4xg3
20.Rf1f2 e4
21.Rd3d6 exf3
22.Bb3e6 Bg4xe6
23.Rd6xe6 Kd7
24.Re6xf6 gxf6
25.Rf2xf3 Ng3e4
26.Kb2 Ke6
27.Rf3f4 Ke5
{ resign }
0-1

[Event "Eq:Equipo Juan Diaz-Los Tercios : "]
[Site "www.chess-mail.com"]
[Date "2016.11.24"]
[Round "1"]
[White "Azorau"]
[Black "Naujzaid"]
[WhiteElo "1870"]
[BlackElo "2110"]
[Result "0-1"]
[Round "1"]
1.e4 c5
2.Bf1c4 e6
3.Ng1f3 d6
4.Nb1c3 Ng8f6
5.d4 cxd4
6.Bc4b5 Bc8d7
7.Bb5xd7 Nb8xd7
8.Qd1xd4 Bf8e7
9.e5 dxe5
10.Nf3xe5 Nd7xe5
11.Qd4xe5 O-O
12.O-O a6
13.Rf1d1 Qd8b8
14.Qe5xb8 Ra8xb8
15.Bc1f4 Rb8d8
16.Rd1e1 Nf6d5
17.Bf4d2 Be7f6
18.Nc3xd5 Rd8xd5
19.Bd2c3 Bf6xc3
20.bxc3 Rd5d2
21.Re1c1 Rf8c8
22.Ra1b1 b5
23.Rb1b3 Rc8c4
24.Kf1 Rc4a4
25.Ke1 Rd2d8
26.a3 Kf8
27.h3 Ke7
28.Ke2 Ra4e4
29.Kf3 f5
30.g4 g5
31.Rc1h1 Rd8d2
32.Rb3b2 Re4f4
33.Ke3 Rf4xf2
34.c4 f4
35.Ke4 Rf2e2
36.Kf3 Re2e3
{ resign }
0-1

[Event "Fast Game"]
[Site "www.echecsemail.com"]
[Date "2016.11.24"]
[Round "1"]
[White "Attatroll"]
[Black "Roohbakhsh"]
[WhiteElo "1880"]
[BlackElo "1799"]
[Result "0-1"]
[Round "1"]
1.e4 e5
2.f4 exf4
3.Ng1f3 g5
4.Bf1c4 Bf8g7
5.d4 d6
6.O-O h6
7.c3 Nb8c6
8.Qd1b3 Qd8e7
9.Nb1d2 Ng8f6
10.Rf1e1 O-O
11.Bc4d3 Nf6g4
12.Nd2f1 a6
13.Bc1d2 b5
14.h3 Ng4f6
15.Nf1h2 Rf8e8
16.e5 dxe5
17.dxe5 Nf6h5
18.Bd3g6 Nh5g3
19.Ra1d1 Bc8e6
20.Qb3c2 fxg6
21.Qc2xg6 Qe7c5
22.Bd2e3 fxe3
23.Nf3d4 Nc6xd4
24.cxd4 Qc5d5
25.Re1xe3 Be6f5
26.Qg6xe8 Ra8xe8
27.Re3xg3 Bg7xe5
28.Rg3e3 Be5xd4
{ resign }
0-1

[Event "Tourn. n8997"]
[Site "www.chess-mail.com"]
[Date "2016.11.25"]
[Round "1"]
[White "Crull"]
[Black "Mao"]
[WhiteElo "1740"]
[BlackElo "1720"]
[Result "0-1"]
[Round "1"]
1.d4 Ng8f6
2.c4 e6
3.a3 Bf8e7
4.Ng1f3 d5
5.Nb1c3 c5
6.Bc1f4 a6
7.e3 Nb8c6
8.Bf1d3 dxc4
9.Bd3xc4 O-O
10.O-O Nf6h5
11.Nc3e2 b5
12.Bc4b3 Nh5xf4
13.Ne2xf4 Be7f6
14.Nf4e2 Qd8b6
15.Bb3a2 Bc8b7
16.Ra1c1 Rf8d8
17.Rc1xc5 e5
18.Rc5c1 exd4
19.Nf3xd4 Nc6xd4
20.Ne2xd4 Bf6xd4
21.exd4 Rd8xd4
22.Qd1b3 Bb7d5
23.Qb3c2 Bd5xa2
24.b4 Ba2c4
25.Rf1e1 Ra8d8
26.Qc2f5 Rd4d6
27.h3 Rd6f6
28.Qf5c5 Qb6xc5
29.bxc5 Rf6c6
30.Re1e7 Rc6xc5
31.Rc1e1 g6
32.f3 Rd8d3
33.Re1a1 a5
34.a4 b4
35.Re7a7 Rd3a3
36.Ra1e1 Ra3xa4
37.Re1e8 Kg7
38.Re8e7 b3
{ resign }
0-1

[Event "Tourn. n8926"]
[Site "www.chess-mail.com"]
[Date "2016.11.25"]
[Round "1"]
[White "Guzenko"]
[Black "Picifarkinca"]
[WhiteElo "2049"]
[BlackElo "2020"]
[Result "1-0"]
[Round "1"]
1.e4 e5
2.Ng1f3 Ng8f6
3.Nf3xe5 d6
4.Ne5f3 Nf6xe4
5.d3 Ne4f6
6.Bc1g5 Bf8e7
7.Nb1c3 O-O
8.Bg5e3 d5
9.Bf1e2 Nb8c6
10.a3 Rf8e8
11.O-O d4
12.Be3f4 dxc3
13.bxc3 Nf6d5
14.Bf4d2 Be7f6
15.d4 Bc8g4
16.Be2b5 Qd8d6
17.h3 Bg4xf3
18.Qd1xf3 a6
19.Bb5xc6 bxc6
20.Ra1a2 Ra8b8
21.c4 Nd5e7
22.c3 Ne7g6
23.g3 Rb8b3
24.c5 Qd6d5
25.Qf3g2 Re8e2
26.Rf1e1 Re2xe1
27.Bd2xe1 Rb3b1
28.Ra2e2 Kf8
29.f3 Ng6f4
30.gxf4 Bf6h4
31.Qg2g4 Rb1xe1
32.Re2xe1 Bh4xe1
33.Qg4c8 Ke7
34.Qc8xc7 Kf6
35.Qc7e5 Qd5xe5
36.fxe5 Ke6
37.c4 Be1c3
38.Kg2 Bc3xd4
39.f4 Bd4xc5
40.Kf3 Bc5xa3
41.Ke4 f5
42.Kd4 c5
43.Ke3 Ba3c1
44.Kf3 a5
45.Ke2 Bc1xf4
46.Kd3 Bf4xe5
47.Kc2 f4
48.Kb3 f3
49.Ka4 Be5c3
50.Kb5 Bc3b4
51.h4 f2
52.h5 g5
53.h6 f1B
54.Kb6 a4
55.Kb5 Bf1xc4
56.Kxa4 Bc4b3
57.Kb5 c4
58.Kxb4 c3
59.Kxb3 Ke5
60.Kxc3 Ke4
61.Kd2 Kf5
62.Ke3 Kg6
63.Kf3 Kxh6
64.Kg4 Kg6
65.Kg3 Kf5
66.Kf3 h5
67.Kg3 Ke4
68.Kg2 { resign }
1-0

[Event "Tourn. n9044"]
[Site "www.chess-mail.com"]
[Date "2016.11.25"]
[Round "1"]
[White "Cal"]
[Black "Nulladies"]
[WhiteElo "1720"]
[BlackElo "1850"]
[Result "0-1"]
[Round "1"]
1.d4 Ng8f6
2.Nb1c3 e6
3.e4 Bf8b4
4.Bc1d2 Bb4xc3
5.Bd2xc3 Nf6xe4
6.Bf1d3 Ne4xc3
7.bxc3 Qd8f6
8.Ng1f3 b6
9.O-O Bc8b7
10.h3 d6
11.Bd3e2 O-O
12.Be2d3 Nb8d7
13.Qd1e2 Bb7xf3
14.Qe2xf3 Qf6xf3
15.gxf3 c5
16.dxc5 bxc5
17.a4 a5
18.Bd3b5 Nd7e5
19.f4 Ne5g6
20.c4 Ng6xf4
21.Kh2 Kh8
22.Bb5c6 Ra8c8
23.Ra1b1 Rc8xc6
24.Rf1g1 Nf4e2
25.Rg1e1 Ne2c3
26.Re1e3 Nc3xb1
27.Re3b3 Nb1d2
28.Rb3b5 Nd2xc4
29.f4 Rc6b6
30.Kg3 Rb6xb5
31.axb5 Rf8b8
{ resign }
0-1

[Event "Tourn. n9044"]
[Site "www.chess-mail.com"]
[Date "2016.11.25"]
[Round "1"]
[White "Cal"]
[Black "Caspito"]
[WhiteElo "1720"]
[BlackElo "1850"]
[Result "0-1"]
[Round "1"]
1.c4 e5
2.e4 c6
3.Nb1c3 Ng8f6
4.h3 Bf8c5
5.Ng1f3 d6
6.d3 O-O
7.Bc1g5 Nb8d7
8.Bf1e2 Qd8b6
9.b3 Bc5xf2
10.Kd2 a5
11.Kc2 Nf6h5
12.a4 Nd7c5
13.Bg5e7 Rf8e8
14.Be7xd6 Qb6xb3
15.Kd2 Qb3b2
16.Qd1c2 Nc5b3
17.Kd1 Qb2xa1
18.Nc3b1 Qa1xa4
19.Qc2b2 Nb3d4
20.Kd2 Qa4b4
21.Bd6xb4 axb4
22.Qb2xb4 Ra8a2
23.Kd1 Nd4xe2
24.Nf3d2 Nh5f4
25.Qb4b3 Ra2a1
26.Kc2 Ne2d4
27.Kb2 Nd4xb3
28.Nd2xb3 Ra1a7
29.Rh1f1 Nf4xd3
30.Kc3 Re8d8
31.Nb1d2 b6
32.Nd2f3 Ra7a3
33.Rf1d1 Bf2d4
34.Nf3xd4 exd4
35.Kc2 Nd3b4
36.Kb2 Ra3a2
37.Kb1 d3
38.c5 Bc8e6
39.cxb6 Be6xb3
40.Rd1c1 d2
41.Rc1xc6 d1Q
42.Rc6c1 Qd1xc1
43.Kxc1 Rd8d1
{ resign }
0-1

[Event "Tourn. n8939"]
[Site "www.chess-mail.com"]
[Date "2016.11.25"]
[Round "1"]
[White "Ssharp"]
[Black "Fabos12"]
[WhiteElo "2140"]
[BlackElo "2000"]
[Result "0-1"]
[Round "1"]
1.e4 Nb8c6
2.d4 e6
3.Ng1f3 d5
4.e5 f6
5.Bf1b5 Ng8e7
6.O-O a6
7.Bb5e2 fxe5
8.dxe5 Ne7g6
9.Rf1e1 Ng6xe5
10.Nf3xe5 Nc6xe5
11.Be2xa6 Bf8d6
12.Ba6e2 Qd8h4
13.g3 Qh4e7
14.Bc1f4 Ne5c6
15.Be2h5 g6
16.Bf4xd6 cxd6
17.Bh5f3 Nc6e5
18.Bf3g2 O-O
19.Nb1c3 Qe7f6
20.Re1f1 Ne5c6
21.a3 Bc8d7
22.Ra1b1 Ra8c8
23.Nc3b5 Qf6e7
24.c3 Nc6a5
25.Nb5d4 Na5c4
26.Rf1e1 Rf8f6
27.Bg2xd5 Nc4e5
28.Bd5g2 Rc8f8
29.Re1f1 b6
30.Qd1b3 b5
 { time }
0-1

[Event "Tourn. n9004"]
[Site "www.chess-mail.com"]
[Date "2016.11.25"]
[Round "1"]
[White "Julian"]
[Black "Wegaman"]
[WhiteElo "1990"]
[BlackElo "1890"]
[Result "0-1"]
[Round "1"]
1.e4 e6
2.d4 d5
3.e5 c5
4.c3 Nb8c6
5.f4 Qd8b6
6.Ng1f3 Ng8e7
7.Bf1d3 c4
8.Bd3c2 Ne7f5
9.O-O Bf8e7
10.g4 Nf5h4
11.Nf3xh4 Be7xh4
12.Nb1d2 Bc8d7
13.Nd2f3 Bh4e7
14.f5 exf5
15.gxf5 O-O-O
16.Qd1e2 f6
17.exf6 Be7xf6
18.Qe2f2 Rh8f8
19.b3 Rd8e8
20.Bc1f4 h6
21.bxc4 dxc4
22.Rf1b1 Qb6a5
23.d5 Nc6e7
24.Nf3d4 Ne7xd5
25.Bf4d6 Qa5xc3
26.Nd4f3 Qc3e3
27.Qf2xe3 Nd5xe3
28.Bc2e4 Re8xe4
29.Rb1b4 Bf6xa1
30.Bd6xf8 Bd7xf5
31.Nf3d2 Re4g4
32.Kf2 Ba1d4
33.Kf3 c3
34.Nd2b3 Bf5e4
35.Ke2 Rg4g2
{ resign }
0-1

[Event "Tourn. n9027"]
[Site "www.chess-mail.com"]
[Date "2016.11.25"]
[Round "1"]
[White "Osopanda"]
[Black "Norlavuaram"]
[WhiteElo "2020"]
[BlackElo "2210"]
[Result "0-1"]
[Round "1"]
1.d4 Ng8f6
2.c4 g6
3.Nb1c3 Bf8g7
4.e4 d6
5.g3 O-O
6.Bf1g2 e5
7.Ng1e2 Nb8c6
8.O-O Bc8g4
9.f3 Bg4d7
10.Bc1e3 a6
11.d5 Nc6e7
12.h3 Nf6e8
13.Qd1d2 f5
14.exf5 gxf5
15.Be3h6 Ne7g6
16.Bh6xg7 Ne8xg7
17.Ra1e1 f4
18.Nc3e4 fxg3
19.Ne2xg3 Qd8h4
20.Qd2g5 Qh4xg5
21.Ne4xg5 Ng6f4
22.Ng5e6 Ng7xe6
23.dxe6 Bd7xe6
24.b3 Kf7
25.Ng3e4 Rf8g8
26.Rf1f2 Nf4xh3
27.Kh2 Nh3xf2
28.Ne4xf2 c6
29.Nf2e4 Ra8d8
30.Re1d1 d5
31.cxd5 cxd5
32.Ne4c5 Be6c8
33.Nc5d3 Rg8e8
34.Nd3b4 Bc8e6
35.Bg2h3 a5
36.Bh3xe6 Kxe6
37.Nb4d3 b6
38.a3 Kf5
39.Rd1g1 Re8e7
40.b4 Re7c7
41.bxa5 bxa5
42.Kh3 Rd8b8
43.Kh4 h6
44.Kh5 Rc7c6
45.Rg1g7 Rb8b3
{ resign }
0-1

[Event "Tourn. n8999"]
[Site "www.chess-mail.com"]
[Date "2016.11.25"]
[Round "1"]
[White "Roohbakhsh"]
[Black "Mao"]
[WhiteElo "1899"]
[BlackElo "1750"]
[Result "1-0"]
[Round "1"]
1.d4 Ng8f6
2.c4 e6
3.Nb1c3 Bf8b4
4.Qd1c2 O-O
5.a3 Bb4xc3
6.Qc2xc3 d5
7.Bc1g5 c6
8.Ra1c1 h6
9.Bg5f4 Nb8d7
10.Ng1f3 Rf8e8
11.e3 Qd8e7
12.Bf1d3 c5
13.O-O cxd4
14.exd4 dxc4
15.Bd3xc4 Nd7b6
16.Rf1e1 Nb6d5
17.Bc4xd5 Nf6xd5
18.Qc3d2 Qe7f6
19.Bf4g3 Bc8d7
20.Bg3e5 Qf6e7
21.h3 Bd7c6
22.Be5g3 Ra8d8
23.Nf3e5 Rd8c8
24.Ne5c4 Re8d8
25.Nc4e5 Nd5f6
26.Ne5xc6 bxc6
27.Bg3h4 c5
28.Bh4xf6 Qe7xf6
29.Qd2a5 Qf6xd4
30.Qa5xa7 Qd4xb2
31.a4 Qb2b4
32.a5 c4
33.Re1e3 Rc8a8
34.Qa7b6 Qb4xa5
35.Qb6xa5 Ra8xa5
36.Rc1xc4 Ra5d5
37.Re3f3 e5
38.Rc4c7 Rd5d7
39.Rc7c6 f6
40.Rf3c3 e4
41.Rc6c7 Rd7xc7
42.Rc3xc7 Rd8d1
43.Kh2 Rd1d2
44.Kg3 Kh7
45.Rc7c3 Kg6
46.f3 exf3
47.Rc3xf3 f5
48.Kh2 Kf6
49.Rf3b3 g5
50.Rb3b6 Kg7
51.Rb6b7 Kg6
52.Rb7b6 Kh5
53.Rb6b5 f4
54.Rb5b3 Rd2e2
55.Rb3f3 Re2e3
56.Kg1 Kh4
57.Kf2 Re3e4
58.Rf3d3 h5
59.Rd3d8 Re4c4
60.Rd8f8 g4
61.hxg4 hxg4
62.Rf8h8 Kg5
63.Rh8g8 Kf5
64.Rg8f8 Ke4
65.Rf8e8 Kd3
66.Re8d8 Rc4d4
67.Rd8g8 g3
68.Kf3 Rd4e4
69.Rg8d8 Re4d4
70.Rd8xd4 Kxd4
71.Kxf4 Kd5
72.Kxg3 Ke5
73.Kg4 Kf6
74.Kh5 Kg7
75.Kg5 Kf7
76.Kh6 Kf6
77.g4 Kf7
78.g5 Kg8
79.Kg6 Kf8
80.Kh7 { resign }
1-0

[Event "Tourn. n9037"]
[Site "www.chess-mail.com"]
[Date "2016.11.25"]
[Round "1"]
[White "Osopanda"]
[Black "Bojan"]
[WhiteElo "2050"]
[BlackElo "1960"]
[Result "1-0"]
[Round "1"]
1.d4 d5
2.c4 dxc4
3.Nb1c3 Bc8d7
4.a4 c6
5.e3 b5
6.axb5 cxb5
7.Ng1f3 a6
8.b3 cxb3
9.Qd1xb3 Bd7c6
10.Bf1d3 e6
11.O-O Bf8d6
12.e4 Ng8e7
13.Bc1g5 Qd8d7
14.d5 exd5
15.Bg5xe7 Bd6xe7
16.exd5 Bc6b7
17.Rf1e1 O-O
18.Nf3e5 Qd7d6
19.Ra1d1 Be7f6
20.Ne5g4 Bf6g5
21.Nc3e4 Qd6d8
22.Ne4xg5 Qd8xg5
23.Ng4e5 Bb7c8
24.Ne5f3 Qg5f6
25.d6 Bc8g4
26.Bd3e4 Ra8a7
27.h3 Bg4f5
28.Be4xf5 Qf6xf5
29.Nf3e5 Nb8d7
30.Ne5c6 Ra7a8
31.Nc6e7 Kh8
32.Ne7xf5 Nd7c5
33.Qb3c3 Nc5e6
34.Re1xe6 { resign }
1-0

[Event "Tourn. n9079"]
[Site "www.chess-mail.com"]
[Date "2016.11.25"]
[Round "1"]
[White "Libiesse"]
[Black "Mitja"]
[WhiteElo "2020"]
[BlackElo "2000"]
[Result "0-1"]
[Round "1"]
1.d4 d5
2.c4 dxc4
3.Nb1c3 e6
4.Ng1f3 c6
5.a4 a5
6.e4 b6
7.Bf1xc4 Bc8b7
8.d5 cxd5
9.exd5 exd5
10.Bc4xd5 Bb7xd5
11.Nc3xd5 Ng8f6
12.Nd5xf6 Qd8xf6
13.O-O Bf8e7
14.Rf1e1 h6
15.Qd1d5 Nb8c6
16.Re1xe7 Kxe7
17.Ra1a3 Rh8d8
18.Ra3e3 Kf8
19.Qd5b3 Nc6b4
20.Nf3d2 Ra8c8
21.Qb3d1 Nb4a2
{ resign }
0-1

[Event "Tourn. n9088"]
[Site "www.chess-mail.com"]
[Date "2016.11.25"]
[Round "1"]
[White "Libiesse"]
[Black "Bojan"]
[WhiteElo "2040"]
[BlackElo "2050"]
[Result "0-1"]
[Round "1"]
1.d4 d5
2.c4 dxc4
3.Ng1f3 h6
4.Nb1c3 c6
5.a4 Bc8g4
6.e3 e5
7.Bf1xc4 exd4
8.Bc4xf7 Ke7
9.Qd1b3 dxc3
10.Bf7xg8 c2
11.Bg8c4 Qd8d1
{ resign }
0-1

[Event "Tourn. n9063"]
[Site "www.chess-mail.com"]
[Date "2016.11.25"]
[Round "1"]
[White "Llcervello"]
[Black "Caspito"]
[WhiteElo "1670"]
[BlackElo "1860"]
[Result "0-1"]
[Round "1"]
1.e4 e5
2.d3 d5
3.Qd1h5 Qd8f6
4.Ng1f3 Bf8d6
5.exd5 Ng8e7
6.c4 Nb8d7
7.Bc1g5 Qf6g6
8.Qh5xg6 Ne7xg6
9.Bf1e2 O-O
10.O-O Nd7c5
11.g3 b6
12.Nb1c3 Bc8d7
13.Be2d1 Nc5xd3
14.Bd1a4 Bd7xa4
15.Nc3xa4 a6
16.Rf1d1 e4
17.Nf3d4 Ng6e5
18.b3 Ne5g4
19.Bg5e3 b5
20.h3 Ng4xe3
21.fxe3 Bd6xg3
22.Kh1 Nd3f2
23.Kg2 Nf2xd1
24.Ra1xd1 Bg3h4
25.Rd1g1 bxa4
26.bxa4 Ra8b8
27.a3 Rb8b2
28.Kh1 f5
29.Nd4e6 Rf8f7
30.c5 Rb2b3
31.d6 cxd6
32.cxd6 Rb3d3
33.Rg1b1 h6
34.Rb1b8 Kh7
35.Ne6f8 Rf7xf8
36.Rb8xf8 Rd3xd6
37.Rf8xf5 Rd6d3
38.Rf5f4 Bh4g5
39.Rf4xe4 Rd3xa3
40.h4 Bg5xe3
41.Re4xe3 Ra3xe3
42.Kg2 Kg6
43.Kf2 Re3a3
{ resign }
0-1

[Event "Match"]
[Site "www.echecsemail.com"]
[Date "2016.11.25"]
[Round "1"]
[White "Canario"]
[Black "Osvalazo"]
[WhiteElo "1820"]
[BlackElo "1690"]
[Result "0-1"]
[Round "1"]
1.e4 e5
2.Ng1f3 Nb8c6
3.Bf1c4 h6
4.Nb1c3 Ng8f6
5.a3 Bf8c5
6.h3 O-O
7.d3 Rf8e8
8.Qd1e2 d5
9.exd5 Nc6d4
10.Nf3xd4 exd4
11.Nc3e4 Bc8f5
12.O-O Bf5xe4
13.dxe4 Nf6xe4
14.Qe2g4 Ne4d6
15.Bc1xh6 g6
16.Bc4d3 Kh7
17.Bh6g5 f6
18.Bg5h6 f5
19.Qg4g5 Nd6f7
20.Qg5xd8 Ra8xd8
21.Bh6f4 Rd8xd5
22.Ra1e1 Re8xe1
23.Rf1xe1 a6
24.Bd3c4 Rd5d7
25.b4 Bc5b6
26.Kh2 Nf7d8
27.Bc4d3 a5
28.Bd3b5 c6
29.Bb5d3 Bb6c7
30.Bf4xc7 Rd7xc7
31.f4 Kh6
32.bxa5 c5
33.Re1e8 Nd8f7
34.Re8e6 Nf7d8
35.Re6b6 Kh5
36.g3 Nd8c6
37.a6 bxa6
38.Rb6xa6 Kh6
39.a4 Nc6b4
40.Ra6f6 Kg7
41.Rf6d6 c4
42.Bd3e2 Nb4xc2
43.a5 d3
44.Be2d1 Kf7
45.Kg2 Nc2e3
46.Kf3 Ne3xd1
47.a6 Ke7
48.Rd6xg6 d2
49.Rg6g7 Kd6
50.a7 Rc7c8
51.Ke2 c3
52.a8Q Rc8xa8
53.Kxd1 Ra8a1
54.Kc2 d1Q
{ resign }
0-1

[Event "Match"]
[Site "www.echecsemail.com"]
[Date "2016.11.25"]
[Round "1"]
[White "Vespertine"]
[Black "Ppppp"]
[WhiteElo "1809"]
[BlackElo "1809"]
[Result "1-0"]
[Round "1"]
1.e4 e5
2.Ng1f3 Ng8f6
3.Nf3xe5 d6
4.Ne5f3 Nf6xe4
5.Qd1e2 Qd8e7
6.d3 Ne4f6
7.Nb1c3 Qe7xe2
8.Bf1xe2 Bf8e7
9.O-O O-O
10.Bc1e3 Bc8g4
11.a4 Nb8d7
12.b4 c6
13.h3 Bg4xf3
14.Be2xf3 d5
15.Rf1b1 a6
16.a5 Nd7e5
17.Bf3e2 Nf6d7
18.f4 Ne5g6
19.f5 Ng6h4
20.Be2g4 Be7f6
21.d4 { resign }
1-0